000 01172nam a2200337 i 4500
001 13852
003 KOSZ 005
005 20250807063801.0
008 071101s1971 pl a f 001 0 pol
015 _aPB 1971/8053
035 _a(OCoLC)839048209
040 _aWA N
_cWA N
_dKOSZ 005/KK
041 0 _apol
_beng
080 _a801.5:681.3
100 1 _aBlikle, Andrzej
_d(1939- )
245 1 0 _aAutomaty i gramatyki :
_bwstęp do lingwistyki matematycznej /
_cAndrzej Blikle.
260 _aWarszawa :
_bPaństwowe Wydawnictwo Naukowe,
_c1971.
300 _a230, [1] stron :
_berrata ;
_c23 cm.
336 _2rdacontent
_aTekst
_btxt
337 _2rdamedia
_aBez urządzenia posredniczącego
_bn
338 _2rdacarrier
_aWolumin
_bnc
380 _aKsiążki.
504 _aBibliografia na stronach 208-211. Indeks.
546 _aStreszczenie w języku angielskim.
650 4 _aAutomaty
658 _aMatematyka
650 4 _aJęzykoznawstwo matematyczne
710 _aPaństwowe Wydawnictwo Naukowe
_4pbl.
856 _uhttp://koha.tu.koszalin.pl/cgi-bin/koha/opac-detail.pl?biblionumber=13852
_yKatalog online BPK
942 _2UKD
_cKS
999 _c13852
_d13852